KOHA-Header-6

C How to Program with an introduction to C + + (Record no. 5845)

000 -LEADER
fixed length control field 00337nam a2200133Ia 4500
020 ## - INTERNATIONAL STANDARD BOOK NUMBER
ISBN 978-93-530-6282-8
100 ## - MAIN ENTRY--AUTHOR NAME
Personal name Paul Deitel
245 #0 - TITLE STATEMENT
Title C How to Program with an introduction to C + +
250 ## - EDITION STATEMENT
Edition statement 8th
260 ## - PUBLICATION, DISTRIBUTION, ETC. (IMPRINT)
Place of publication New Delhi
Name of publisher Pearson
Year of publication 2018
300 ## - PHYSICAL DESCRIPTION
Number of Pages 1005
942 ## - ADDED ENTRY ELEMENTS (KOHA)
Koha item type Books
Holdings
Withdrawn status Lost status Collection code Permanent Location Current Location Shelving location Date acquired Full call number Accession Number Koha item type
    Computer Languages MAJU MAJU Shelf No.A33 2019-09-05 005.133 9254 Computer Languages

Powered by Koha